000 00342nam a2200145 i 4500
001 bg
100 1 _aROTHE, Alexander
245 0 _aStatika sterznevych sistem /
_cA. Rote.
260 _aMoskva :
_bStrojizdat,
_c1988.
040 _cBPK
041 _apol
080 _a624.01/.07
942 _cKS
008 s pl f |000 0 pol
999 _c28845
_d28845
856 _uhttp://koha.tu.koszalin.pl/cgi-bin/koha/opac-detail.pl?biblionumber=28845
_yKatalog online BPK